Normal view
MARC view
- نخبة من الاساتذة المختصين في تدريس العلوم بامريكا
Entry Personal Name
001 - CONTROL NUMBER
- control field: 40632
003 - CONTROL NUMBER IDENTIFIER
- control field: JO-AjAnu
005 - DATE AND TIME OF LATEST TRANSACTION
- control field: 20230606080740.0
008 - FIXED-LENGTH DATA ELEMENTS
- fixed length control field: 230606|| aca||aabn | a|a d
040 ## - CATALOGING SOURCE
- Original cataloging agency: JO-AjAnu
- Transcribing agency: JO-AjAnu
100 ## - HEADING--PERSONAL NAME
- Personal name: نخبة من الاساتذة المختصين في تدريس العلوم بامريكا
670 ## - SOURCE DATA FOUND
- Source citation: Work cat.: (JO-AjAnu)20828: نخبة من الاساتذة المختصين في تدريس العلوم بامريكا, author, الجديد في تدريس العلوم